[Event "Titled Tuesday intern op 25th Jul Late"]
[Site "Chess.com INT"]
[Date "2023.07.25"]
[Round "3"]
[White "Malassagne, Raphael"]
[Black "Schnaider, Ilan"]
[Result "1-0"]
[WhiteElo "2315"]
[BlackElo "2233"]
[PlyCount "133"]
[EventDate "2023.07.25"]
[EventType "swiss (blitz)"]
[EventRounds "11"]
[EventCountry "USA"]
[SourceTitle "EXT 2024"]
[Source "ChessBase"]
[SourceDate "2023.10.10"]
[SourceVersion "1"]
[SourceVersionDate "2023.10.10"]
[SourceQuality "1"]

1. d4 d5 2. Bf4 Nf6 3. e3 c5 4. Nc3 cxd4 5. exd4 a6 6. Nf3 Nc6 7. Ne5 Bd7 8. Nxd7 Qxd7 9. Be2 e6 10. 0-0 Bd6 11. Be3 0-0 12. Bf3 Rad8 13. Ne2 e5 14. dxe5 Nxe5 15. Nd4 Nc4 16. Bg5 Be5 17. b3 Nd6 18. Re1 Nde4 19. Bh4 Rfe8 20. Qd3 Rc8 21. Rad1 Rc3 22. Qf1 Qc7 23. Bg3 Nxg3 24. hxg3 Qc5 25. Qe2 g6 26. Qd2 Kg7 27. a4 Bxd4 28. Rxe8 Bxf2+ 29. Qxf2 Qxf2+ 30. Kxf2 Nxe8 31. Rxd5 Rxc2+ 32. Ke3 Nf6 33. Rd3 b5 34. a5 Ra2 35. b4 Rb2 36. Rd4 Rb3+ 37. Kf4 h6 38. Ke5 g5 39. g4 Ng8 40. Kd6 Kf6 41. Kc7 Ke5 42. Re4+ Kf6 43. Kb6 Ne7 44. Kxa6 Nd5 45. Kxb5 Ra3 46. Rd4 Nc3+ 47. Kb6 Na4+ 48. Kc6 Rc3+ 49. Kb5 Ra3 50. a6 Nc3+ 51. Kb6 Ke5 52. Rc4 Na4+ 53. Kb7 Nb2 54. Rc5+ Kd6 55. Rc6+ Kd7 56. b5 Nd3 57. Rf6 Ne5 58. a7 Ke7 59. Rb6 Nd7 60. Ra6 Nc5+ 61. Kb6 Nxa6 62. bxa6 Rb3+ 63. Kc5 Rc3+ 64. Kd4 Rc8 65. a8Q Rd8+ 66. Qxd8+ Kxd8 67. a7 1-0

[Event "Titled Tuesday intern op 25th Jul Late"]
[Site "Chess.com INT"]
[Date "2023.07.25"]
[Round "1"]
[White "Svane, Rasmus"]
[Black "Malassagne, Raphael"]
[Result "1-0"]
[WhiteElo "2625"]
[BlackElo "2315"]
[PlyCount "81"]
[EventDate "2023.07.25"]
[EventType "swiss (blitz)"]
[EventRounds "11"]
[EventCountry "USA"]
[SourceTitle "EXT 2024"]
[Source "ChessBase"]
[SourceDate "2023.10.10"]
[SourceVersion "1"]
[SourceVersionDate "2023.10.10"]
[SourceQuality "1"]

1. Nf3 d5 2. g3 c6 3. Bg2 Nf6 4. 0-0 Bf5 5. c4 e6 6. Qb3 Qb6 7. d3 Nbd7 8. cxd5 exd5 9. Qc2 Be7 10. Nc3 0-0 11. e4 Bg6 12. Nh4 d4 13. Nb1 Qa6 14. h3 Nc5 15. Rd1 Nfd7 16. Nxg6 hxg6 17. f4 Rfd8 18. Bf1 b5 19. Nd2 Rac8 20. Nf3 Nb6 21. b3 Ne6 22. f5 gxf5 23. exf5 Nf8 24. Bd2 c5 25. Re1 Bd6 26. g4 Qb7 27. Bg2 Qc7 28. Re4 Nd5 29. Rf1 Re8 30. Qc1 Nd7 31. Rxe8+ Rxe8 32. Nxd4 cxd4 33. Bxd5 Qb6 34. Qc6 Qxc6 35. Bxc6 Re7 36. Re1 Rxe1+ 37. Bxe1 Nc5 38. Bxb5 a6 39. Bc4 Kf8 40. b4 Na4 41. Bxa6 1-0

[Event "Paleochora op 14th"]
[Site "Paleochora"]
[Date "2021.07.26"]
[Round "5"]
[White "Theodorou, Nikolas"]
[Black "Malassagne, Raphael"]
[Result "1-0"]
[WhiteElo "2584"]
[BlackElo "2285"]
[PlyCount "73"]
[EventDate "2021.07.23"]
[EventType "swiss"]
[EventRounds "9"]
[EventCountry "GRE"]
[SourceTitle "EXT 2022"]
[Source "ChessBase"]
[SourceDate "2021.10.06"]
[SourceVersion "1"]
[SourceVersionDate "2021.10.06"]
[SourceQuality "1"]

1. Nf3 Nf6 2. g3 d5 3. Bg2 c6 4. 0-0 Bg4 5. h3 Bxf3 6. Bxf3 Nbd7 7. d3 e5 8. e4 dxe4 9. dxe4 Bc5 10. Qe2 0-0 11. a4 a5 12. Nd2 Qc7 13. Nb3 Bb6 14. Be3 Rfd8 15. Rfd1 Nf8 16. Nd2 Ne6 17. c3 Bc5 18. Nb3 Bb6 19. h4 h6 20. Nd2 Bc5 21. Bg2 Bxe3 22. Qxe3 Qd6 23. Bh3 Rd7 24. Kg2 Rad8 25. Nc4 Qxd1 26. Rxd1 Rxd1 27. Nxe5 R8d2 28. Nc4 Rc2 29. Bf5 h5 30. Qa7 Re2 31. Qxb7 Nxe4 32. Bxe4 Rxe4 33. Qxc6 Rde1 34. Ne3 Re5 35. Qe8+ Kh7 36. Qxf7 Re2 37. Nf5 1-0

[Event "Paleochora op 14th"]
[Site "Paleochora"]
[Date "2021.07.25"]
[Round "4"]
[White "Malassagne, Raphael"]
[Black "Salomon, Johan"]
[Result "1/2-1/2"]
[WhiteElo "2285"]
[BlackElo "2502"]
[PlyCount "90"]
[EventDate "2021.07.23"]
[EventType "swiss"]
[EventRounds "9"]
[EventCountry "GRE"]
[SourceTitle "EXT 2022"]
[Source "ChessBase"]
[SourceDate "2021.10.06"]
[SourceVersion "1"]
[SourceVersionDate "2021.10.06"]
[SourceQuality "1"]

1. d4 d5 2. Bf4 c5 3. Nc3 Nc6 4. e4 cxd4 5. exd5 dxc3 6. dxc6 Qxd1+ 7. Rxd1 bxc6 8. Bc7 Bb7 9. bxc3 Nf6 10. Nf3 Nd5 11. Rxd5 Rc8 12. Ra5 Rxc7 13. Rxa7 Kd8 14. Ne5 e6 15. Ba6 Bd6 16. Bxb7 Bxe5 17. Ra8+ Ke7 18. Rxh8 Rxb7 19. Kd2 Rd7+ 20. Ke2 Ra7 21. Rxh7 Rxa2 22. Kd2 Ra5 23. Rh3 Bf4+ 24. Ke2 Re5+ 25. Kd3 Rd5+ 26. Ke4 g5 27. Rd3 f5+ 28. Kf3 Rc5 29. h4 e5 30. hxg5 Bxg5 31. Rh7+ Ke6 32. Ke2 e4 33. Rg3 Kf6 34. Rh8 Bf4 35. Rgh3 Rd5 36. g3 Bg5 37. Ke1 Rc5 38. g4 fxg4 39. Rg3 Kf5 40. Rf8+ Bf6 41. Kd2 Rc4 42. Ke2 Rc5 43. Kd2 Rc4 44. Ke2 Rc5 45. Kd2 Rc4 1/2-1/2

[Event "Avoine op 34th"]
[Site "Avoine"]
[Date "2019.07.21"]
[Round "2"]
[White "Malassagne, Raphael"]
[Black "Demuth, Adrien"]
[Result "1/2-1/2"]
[WhiteElo "2252"]
[BlackElo "2502"]
[PlyCount "76"]
[EventDate "2019.07.20"]
[EventType "swiss"]
[EventRounds "9"]
[EventCountry "FRA"]
[SourceTitle "CBM 191 Extra"]
[Source "ChessBase"]
[SourceDate "2019.09.30"]
[SourceVersion "1"]
[SourceVersionDate "2019.09.30"]
[SourceQuality "1"]

1. Nf3 d5 2. g3 Nc6 3. d4 Bg4 4. Bg2 Qd7 5. h3 Bxf3 6. exf3 h5 7. h4 e6 8. c3 Nge7 9. f4 Nf5 10. Qd3 0-0-0 11. Nd2 Kb8 12. Nf3 f6 13. Be3 Nd6 14. Nd2 Ne7 15. 0-0-0 Nef5 16. Kb1 Qb5 17. Qxb5 Nxb5 18. a4 Nbd6 19. Rhe1 Kc8 20. Bf3 g6 21. Kc2 Kd7 22. Bg2 Bg7 23. Bh3 Rhe8 24. Re2 Ke7 25. Rde1 Kf7 26. Nb3 b6 27. Nc1 a5 28. Nd3 Ne4 29. Bxf5 exf5 30. f3 Nxg3 31. Rg2 Nf1 32. Bf2 Rxe1 33. Nxe1 Re8 34. Kd3 c5 35. dxc5 bxc5 36. Rg1 c4+ 37. Kd4 Nh2 38. Kxd5 Nf1 1/2-1/2

[Event "FRA-ch rapid"]
[Site "Le Blanc Mesnil"]
[Date "2019.05.30"]
[Round "4"]
[White "Ziska, Helgi Dam"]
[Black "Malassagne, Raphael"]
[Result "1/2-1/2"]
[WhiteElo "2533"]
[BlackElo "2246"]
[PlyCount "80"]
[EventDate "2019.05.30"]
[EventType "swiss (rapid)"]
[EventRounds "14"]
[EventCountry "FRA"]
[SourceTitle "CBM 190 Extra"]
[Source "ChessBase"]
[SourceDate "2019.07.15"]
[SourceVersion "1"]
[SourceVersionDate "2019.07.15"]
[SourceQuality "1"]

1. Nf3 d5 2. g3 Nf6 3. Bg2 c6 4. 0-0 Bf5 5. c4 e6 6. cxd5 exd5 7. d3 Be7 8. Qb3 Qb6 9. Qc2 Nbd7 10. Nc3 0-0 11. e4 Bg6 12. Nh4 dxe4 13. dxe4 Rfd8 14. Be3 Qa5 15. a3 Ne5 16. b4 Qa6 17. Nxg6 hxg6 18. Rfe1 Qd3 19. Qc1 a5 20. bxa5 Qd6 21. Rd1 Qe6 22. Rxd8+ Bxd8 23. Rb1 Nc4 24. Rxb7 Bxa5 25. Bd4 Rd8 26. Ne2 Bd2 27. Qc2 Bh6 28. a4 c5 29. Bc3 Qa6 30. e5 Nd5 31. Bxd5 Rxd5 32. Qb3 Ne3 33. fxe3 Qxe2 34. Bd4 Rxd4 35. Qxf7+ Kh7 36. exd4 Be3+ 37. Kh1 Qe1+ 38. Kg2 Qe2+ 39. Kh3 Qh5+ 40. Kg2 Qe2+ 1/2-1/2

[Event "Avoine op 33rd"]
[Site "Avoine"]
[Date "2018.07.28"]
[Round "8"]
[White "Dutreuil, Raphael"]
[Black "Malassagne, Raphael"]
[Result "1-0"]
[WhiteElo "2200"]
[BlackElo "2275"]
[PlyCount "85"]
[EventDate "2018.07.21"]
[EventType "swiss"]
[EventRounds "9"]
[EventCountry "FRA"]
[SourceTitle "CBM 185 Extra"]
[Source "ChessBase"]
[SourceDate "2018.07.29"]
[SourceVersion "1"]
[SourceVersionDate "2018.07.29"]
[SourceQuality "1"]

1. e4 c6 2. Nc3 d5 3. Nf3 dxe4 4. Nxe4 Nd7 5. Bc4 e6 6. Qe2 Be7 7. 0-0 Nb6 8. Bb3 Nf6 9. d4 0-0 10. c3 a5 11. c4 Nxe4 12. Qxe4 Bf6 13. Rd1 a4 14. Bc2 g6 15. Ne5 Bg7 16. Qe2 Qe7 17. Be3 Nd7 18. Bf4 Re8 19. Be4 Nxe5 20. Bxe5 Bxe5 21. dxe5 Qc5 22. Bf3 Ra5 23. Re1 b6 24. Qd3 Ba6 25. Qd7 Rf8 26. Rac1 Qb4 27. Qd4 Rc5 28. Re4 Ra5 29. h4 Bb7 30. a3 Qc5 31. Qd7 Bc8 32. Qd2 Qe7 33. Rd1 Ra7 34. Rd4 c5 35. Rd8 Rc7 36. Rxf8+ Kxf8 37. Qh6+ Kg8 38. Rd6 Rd7 39. Rxb6 Rd4 40. Rb8 Qc7 41. Ra8 Rxc4 42. Qg5 h5 43. Bb7 1-0

[Event "Avoine op 33rd"]
[Site "Avoine"]
[Date "2018.07.26"]
[Round "6"]
[White "Rubino, William"]
[Black "Malassagne, Raphael"]
[Result "1/2-1/2"]
[WhiteElo "2106"]
[BlackElo "2275"]
[PlyCount "56"]
[EventDate "2018.07.21"]
[EventType "swiss"]
[EventRounds "9"]
[EventCountry "FRA"]
[SourceTitle "CBM 185 Extra"]
[Source "ChessBase"]
[SourceDate "2018.07.29"]
[SourceVersion "1"]
[SourceVersionDate "2018.07.29"]
[SourceQuality "1"]

1. e4 c6 2. d4 d5 3. e5 c5 4. Nf3 cxd4 5. Qxd4 e6 6. Bf4 Ne7 7. c4 Nbc6 8. Qd2 Ng6 9. cxd5 Bb4 10. Nc3 exd5 11. Bb5 0-0 12. Bxc6 bxc6 13. 0-0 c5 14. a3 Bxc3 15. bxc3 Qa5 16. Bg3 Rd8 17. Qe3 Be6 18. Ng5 Ne7 19. Nxe6 fxe6 20. Bh4 Rd7 21. Bxe7 Rxe7 22. f4 Rb8 23. f5 exf5 24. Rxf5 Rd8 25. Raf1 h6 26. Qf3 Qc7 27. Rf8+ Rxf8 28. Qxf8+ Kh7 1/2-1/2

[Event "Avoine op 33rd"]
[Site "Avoine"]
[Date "2018.07.25"]
[Round "5"]
[White "Malassagne, Raphael"]
[Black "Ortiz Suarez, Isan Reynaldo"]
[Result "0-1"]
[WhiteElo "2275"]
[BlackElo "2548"]
[PlyCount "58"]
[EventDate "2018.07.21"]
[EventType "swiss"]
[EventRounds "9"]
[EventCountry "FRA"]
[SourceTitle "CBM 185 Extra"]
[Source "ChessBase"]
[SourceDate "2018.07.29"]
[SourceVersion "1"]
[SourceVersionDate "2018.07.29"]
[SourceQuality "1"]

1. d4 Nf6 2. Nf3 d5 3. g3 g6 4. Bg2 Bg7 5. 0-0 0-0 6. c3 Nbd7 7. Nbd2 c5 8. a4 b6 9. Re1 Bb7 10. a5 Qc7 11. Nf1 Nh5 12. Ne3 e6 13. b4 Nhf6 14. a6 Bc6 15. bxc5 bxc5 16. c4 Rfd8 17. Ba3 Rac8 18. cxd5 Nxd5 19. Nxd5 Bxd5 20. e4 Ba8 21. Bb2 cxd4 22. Rc1 Nc5 23. Rc4 Qb8 24. Bxd4 e5 25. Rxc5 Rxc5 26. Bxc5 Rxd1 27. Rxd1 Qc7 28. Bh3 Bxe4 29. Ng5 Bf5 0-1

[Event "Rochefort op 17th"]
[Site "Rochefort"]
[Date "2018.02.17"]
[Round "9"]
[White "Malassagne, Raphael"]
[Black "Sgircea, Silvia Raluca"]
[Result "1/2-1/2"]
[WhiteElo "2276"]
[BlackElo "2193"]
[PlyCount "56"]
[EventDate "2018.02.17"]
[EventType "swiss"]
[EventRounds "9"]
[EventCountry "FRA"]
[SourceTitle "EXT 2020"]
[Source "ChessBase"]
[SourceDate "2019.10.17"]
[SourceVersion "1"]
[SourceVersionDate "2019.10.17"]
[SourceQuality "1"]

1. c4 c5 2. Nf3 Nc6 3. Nc3 g6 4. d4 cxd4 5. Nxd4 Bg7 6. Nc2 Bxc3+ 7. bxc3 Qa5 8. Qd3 d6 9. Bd2 Be6 10. f4 Qc5 11. e3 Na5 12. Rb1 Bxc4 13. Qd4 Nf6 14. Bxc4 Qxc4 15. Qxc4 Nxc4 16. Rxb7 Ne4 17. Bc1 Nc5 18. Rb1 0-0 19. 0-0 Rfc8 20. Nd4 Ne4 21. Rb7 Kf8 22. f5 Nxc3 23. e4 Nxe4 24. fxg6 hxg6 25. Ne6+ Kg8 26. Rxe7 Ne5 27. Ng5 Nxg5 28. Bxg5 Re8 1/2-1/2

[Event "Wasselonne op 21st"]
[Site "Wasselonne"]
[Date "2017.08.05"]
[Round "5"]
[White "Malassagne, Raphael"]
[Black "Lerch, Patrice"]
[Result "1/2-1/2"]
[WhiteElo "2213"]
[BlackElo "2403"]
[PlyCount "41"]
[EventDate "2017.08.03"]
[EventType "swiss"]
[EventRounds "7"]
[EventCountry "FRA"]
[SourceTitle "CBM 179 Extra"]
[Source "ChessBase"]
[SourceDate "2017.08.23"]
[SourceVersion "1"]
[SourceVersionDate "2017.08.23"]
[SourceQuality "1"]

1. c4 Nf6 2. Nf3 b6 3. g3 Bb7 4. Bg2 c5 5. 0-0 g6 6. Nc3 Bg7 7. d4 cxd4 8. Qxd4 d6 9. b3 0-0 10. Bb2 Ne4 11. Qe3 Nxc3 12. Bxc3 Bxc3 13. Qxc3 Nd7 14. Rfd1 Rb8 15. Qe3 Re8 16. Rac1 Qc7 17. Qh6 Bxf3 18. Bxf3 Qc5 19. h4 Nf6 20. Kg2 Kh8 21. Qd2 1/2-1/2

[Event "Wasselonne op 21st"]
[Site "Wasselonne"]
[Date "2017.08.04"]
[Round "3"]
[White "Malassagne, Raphael"]
[Black "Wirig, Anthony"]
[Result "1/2-1/2"]
[WhiteElo "2213"]
[BlackElo "2494"]
[PlyCount "37"]
[EventDate "2017.08.03"]
[EventType "swiss"]
[EventRounds "7"]
[EventCountry "FRA"]
[SourceTitle "CBM 179 Extra"]
[Source "ChessBase"]
[SourceDate "2017.08.23"]
[SourceVersion "1"]
[SourceVersionDate "2017.08.23"]
[SourceQuality "1"]

1. d4 Nf6 2. Bf4 g6 3. e3 Bg7 4. Nf3 d6 5. Be2 0-0 6. 0-0 c5 7. c3 Qb6 8. Nbd2 Bg4 9. Qb3 Nbd7 10. h3 Be6 11. Bc4 Bxc4 12. Nxc4 Qc7 13. Rfd1 Rab8 14. a4 b6 15. Na3 a6 16. c4 e5 17. dxe5 dxe5 18. Bh2 Rfe8 19. Rd2 1/2-1/2

[Event "Avoine op 32nd"]
[Site "Avoine"]
[Date "2017.07.23"]
[Round "2"]
[White "Malassagne, Raphael"]
[Black "Deveque, Guillaume"]
[Result "1-0"]
[WhiteElo "2230"]
[BlackElo "1962"]
[PlyCount "59"]
[EventDate "2017.07.22"]
[EventType "swiss"]
[EventRounds "9"]
[EventCountry "FRA"]
[SourceTitle "CBM 179 Extra"]
[Source "ChessBase"]
[SourceDate "2017.08.23"]
[SourceVersion "1"]
[SourceVersionDate "2017.08.23"]
[SourceQuality "1"]

1. Nf3 c5 2. c4 Nc6 3. d4 cxd4 4. Nxd4 g6 5. Nc3 Bg7 6. Nc2 Nf6 7. e4 0-0 8. Be2 d6 9. 0-0 Qb6 10. b3 Bd7 11. Bg5 Qc5 12. Qd2 Ng4 13. Na4 Qa5 14. Rad1 Qxd2 15. Rxd2 h6 16. Bh4 g5 17. Bg3 b6 18. c5 bxc5 19. Nxc5 Bc8 20. Na6 Nge5 21. Ne3 f5 22. exf5 Bxf5 23. Nxf5 Rxf5 24. Rc1 Raf8 25. h3 Rd8 26. Nc7 Rd7 27. Bg4 Nxg4 28. hxg4 Re5 29. Rxc6 Re4 30. f3 1-0

[Event "FRA-ch op-A"]
[Site "Agen"]
[Date "2016.08.19"]
[Round "7"]
[White "Galloux, Maxime"]
[Black "Malassagne, Raphael"]
[Result "0-1"]
[WhiteElo "2004"]
[BlackElo "2129"]
[PlyCount "106"]
[EventDate "2016.08.12"]
[EventType "swiss"]
[EventRounds "9"]
[EventCountry "FRA"]
[SourceTitle "EXT 2017"]
[Source "ChessBase"]
[SourceDate "2016.10.25"]
[SourceVersion "1"]
[SourceVersionDate "2016.10.25"]
[SourceQuality "1"]

1. e4 d5 2. exd5 Qxd5 3. Nc3 Qa5 4. d4 Nf6 5. Nf3 Bf5 6. Bc4 c6 7. Bd2 e6 8. Nd5 Qd8 9. Nxf6+ Qxf6 10. Qe2 Nd7 11. 0-0-0 Nb6 12. Bb3 Be7 13. Bg5 Qg6 14. Bxe7 Kxe7 15. Ne5 Qxg2 16. Qh5 g6 17. Qh4+ g5 18. Qh5 Bg6 19. Qh6 Rhg8 20. f3 Bf5 21. Qh5 Rg7 22. h3 Qg3 23. Qh6 Rag8 24. Ng4 Nd7 25. Rhf1 Qh4 26. Qxh4 gxh4 27. Nh6 Rd8 28. Nxf5+ exf5 29. c3 Rg3 30. d5 Nc5 31. Bc2 Rxd5 32. Rxd5 cxd5 33. Bxf5 Kf6 34. Bc8 h5 35. Rd1 Ke5 36. b4 Rg8 37. f4+ Kxf4 38. Rxd5 Rxc8 39. bxc5 f5 40. Kd2 b6 41. cxb6 axb6 42. Rb5 Ra8 43. Rb4+ Kg3 44. a4 f4 45. Rxb6 Rxa4 46. Rg6+ Kf2 47. Kd3 f3 48. Rf6 Ra8 49. c4 Rd8+ 50. Ke4 Ke2 51. Ra6 f2 52. Ra2+ Rd2 53. Ra1 f1Q 0-1

[Event "Andorra op 34th"]
[Site "Escaldes"]
[Date "2016.08.04"]
[Round "2"]
[White "Trepat Herranz, Joan"]
[Black "Malassagne, Raphael"]
[Result "1/2-1/2"]
[WhiteElo "2360"]
[BlackElo "2129"]
[PlyCount "50"]
[EventDate "2016.08.03"]
[EventType "swiss"]
[EventRounds "9"]
[EventCountry "AND"]
[SourceTitle "CBM 173 Extra"]
[Source "ChessBase"]
[SourceDate "2016.08.29"]
[SourceVersion "1"]
[SourceVersionDate "2016.08.29"]
[SourceQuality "1"]

1. d4 Nf6 2. Nf3 g6 3. Nbd2 d5 4. b4 a5 5. b5 a4 6. Ba3 Bg7 7. e3 Bg4 8. h3 Bxf3 9. Qxf3 0-0 10. c4 Re8 11. cxd5 Qxd5 12. Bc4 Qxf3 13. Nxf3 Nbd7 14. 0-0 e6 15. Rac1 Rec8 16. Rc2 c5 17. Rfc1 cxd4 18. Nxd4 Bf8 19. Bxf8 Kxf8 20. Be2 Nb6 21. Bd1 Rxc2 22. Rxc2 Rd8 23. Rc1 Nfd5 24. a3 e5 25. Nf3 Nc3 1/2-1/2

[Event "Avoine op 31st"]
[Site "Avoine"]
[Date "2016.07.28"]
[Round "6"]
[White "Malassagne, Raphael"]
[Black "Rioland, Paul"]
[Result "1-0"]
[WhiteElo "2163"]
[BlackElo "1851"]
[PlyCount "41"]
[EventDate "2016.07.23"]
[EventType "swiss"]
[EventRounds "9"]
[EventCountry "FRA"]
[SourceTitle "CBM 173 Extra"]
[Source "ChessBase"]
[SourceDate "2016.08.29"]
[SourceVersion "1"]
[SourceVersionDate "2016.08.29"]
[SourceQuality "1"]

1. Nf3 Nf6 2. b3 e6 3. Bb2 Be7 4. g3 0-0 5. Bg2 d5 6. 0-0 b6 7. c4 Bb7 8. Ne5 c5 9. e3 Nc6 10. f4 Rc8 11. Nc3 Nxe5 12. fxe5 Ne4 13. Nxe4 dxe4 14. Qc2 Ba8 15. Rac1 Qd7 16. Bc3 Qd3 17. Rf4 g5 18. Rf2 Rcd8 19. Qd1 a6 20. Qh5 b5 21. Rcf1 1-0

[Event "Avoine op 31st"]
[Site "Avoine"]
[Date "2016.07.27"]
[Round "5"]
[White "Haub, Thorsten Michael"]
[Black "Malassagne, Raphael"]
[Result "1-0"]
[WhiteElo "2363"]
[BlackElo "2163"]
[PlyCount "73"]
[EventDate "2016.07.23"]
[EventType "swiss"]
[EventRounds "9"]
[EventCountry "FRA"]
[SourceTitle "CBM 173 Extra"]
[Source "ChessBase"]
[SourceDate "2016.08.29"]
[SourceVersion "1"]
[SourceVersionDate "2016.08.29"]
[SourceQuality "1"]

1. g3 d5 2. Bg2 c6 3. d3 Nf6 4. Nd2 Bf5 5. e4 dxe4 6. dxe4 Bg6 7. Qe2 e6 8. Ngf3 Be7 9. 0-0 h6 10. Ne5 Bh7 11. Ndc4 b5 12. Nd2 0-0 13. a4 Qc7 14. Nd3 Nbd7 15. e5 Nd5 16. Re1 N7b6 17. a5 Nc4 18. Nxc4 bxc4 19. Nf4 Nb4 20. Be4 Bxe4 21. Qxe4 Rab8 22. c3 Nd3 23. Nxd3 cxd3 24. Qxd3 Rb5 25. Qe4 a6 26. Ra4 Rc8 27. Qe2 Rxa5 28. Rg4 Kh8 29. h4 Bf8 30. Re4 Ra1 31. g4 g6 32. Kg2 Qa5 33. Qf3 Kg8 34. Rd4 Rd8 35. b4 Qc7 36. Rxd8 Qxd8 37. Bg5 1-0

[Event "FRA-ch op-A"]
[Site "Agen"]
[Date "2016.??.??"]
[Round "4"]
[White "Malassagne, Raphael"]
[Black "De Lussac, Rainier"]
[Result "1/2-1/2"]
[WhiteElo "2129"]
[BlackElo "2099"]
[PlyCount "37"]
[EventDate "2016.08.12"]
[EventType "swiss"]
[EventRounds "9"]
[EventCountry "FRA"]
[SourceTitle "EXT 2017"]
[Source "ChessBase"]
[SourceDate "2016.10.25"]
[SourceVersion "1"]
[SourceVersionDate "2016.10.25"]
[SourceQuality "1"]

1. Nf3 Nf6 2. c4 c5 3. g3 Nc6 4. Bg2 d5 5. cxd5 Nxd5 6. 0-0 e5 7. Nc3 Nc7 8. a3 Rb8 9. d3 Be7 10. Be3 0-0 11. Ne1 Be6 12. f4 exf4 13. Bxf4 Rc8 14. Nc2 Nd5 15. Nxd5 Bxd5 16. Bh3 Be6 17. Bg2 Bd5 18. Bh3 Be6 19. Bg2 1/2-1/2

[Event "FRA-ch Accession"]
[Site "Saint Quentin"]
[Date "2015.08.11"]
[Round "3"]
[White "Jolly, Jean Francois"]
[Black "Malassagne, Raphael"]
[Result "1-0"]
[WhiteElo "2345"]
[BlackElo "2203"]
[PlyCount "47"]
[EventDate "2015.08.09"]
[EventType "swiss"]
[EventRounds "11"]
[EventCountry "FRA"]
[SourceTitle "EXT 2016"]
[Source "ChessBase"]
[SourceDate "2015.10.08"]
[SourceVersion "1"]
[SourceVersionDate "2015.10.08"]
[SourceQuality "1"]

1. e4 d5 2. exd5 Qxd5 3. Nc3 Qa5 4. d4 Nf6 5. Nf3 Bf5 6. Bc4 c6 7. Bd2 e6 8. Nd5 Qd8 9. Nxf6+ gxf6 10. Qe2 Be7 11. 0-0-0 Nd7 12. Rhe1 Qc7 13. Nh4 Bg6 14. Bxe6 fxe6 15. Qxe6 Nb6 16. Nxg6 hxg6 17. Qxf6 Rf8 18. Qxg6+ Rf7 19. Rxe7+ Qxe7 20. Re1 0-0-0 21. Rxe7 Rxe7 22. Bg5 Re1+ 23. Kd2 Rde8 24. Be3 1-0

[Event "Avoine op 30th"]
[Site "Avoine"]
[Date "2015.07.24"]
[Round "7"]
[White "Malassagne, Raphael"]
[Black "Strohl, Antoine"]
[Result "1/2-1/2"]
[WhiteElo "2185"]
[BlackElo "1995"]
[PlyCount "71"]
[EventDate "2015.07.18"]
[EventType "swiss"]
[EventRounds "9"]
[EventCountry "FRA"]
[SourceTitle "EXT 2016"]
[Source "ChessBase"]
[SourceDate "2015.10.08"]
[SourceVersion "1"]
[SourceVersionDate "2015.10.08"]
[SourceQuality "1"]

1. Nf3 Nf6 2. g3 d5 3. Bg2 Bf5 4. 0-0 e6 5. d3 Be7 6. b3 0-0 7. Bb2 Nbd7 8. Nbd2 c6 9. Qe1 Qc7 10. e4 dxe4 11. dxe4 Bg6 12. Nh4 Bh5 13. h3 Rad8 14. f4 Bc5+ 15. Kh1 Rfe8 16. g4 Bg6 17. Rd1 h6 18. Nxg6 fxg6 19. Nc4 b5 20. Ne5 Nxe5 21. Bxe5 Rxd1 22. Qxd1 Qb6 23. Qa1 Kf7 24. g5 Nh5 25. f5 exf5 26. exf5 Bf2 27. fxg6+ Kxg6 28. Qc3 Rxe5 29. Qxe5 Ng3+ 30. Kh2 Nxf1+ 31. Bxf1 Qe3 32. Qd6+ Kxg5 33. Qd8+ Kh5 34. Qd1+ Kg5 35. Qg4+ Kf6 36. Bd3 1/2-1/2

[Event "Avoine op 30th"]
[Site "Avoine"]
[Date "2015.07.21"]
[Round "4"]
[White "Marchadour, Emilie"]
[Black "Malassagne, Raphael"]
[Result "1/2-1/2"]
[WhiteElo "1991"]
[BlackElo "2185"]
[PlyCount "142"]
[EventDate "2015.07.18"]
[EventType "swiss"]
[EventRounds "9"]
[EventCountry "FRA"]
[SourceTitle "EXT 2016"]
[Source "ChessBase"]
[SourceDate "2015.10.08"]
[SourceVersion "1"]
[SourceVersionDate "2015.10.08"]
[SourceQuality "1"]

1. e4 d5 2. exd5 Qxd5 3. Nc3 Qa5 4. d4 Nf6 5. Nf3 c6 6. Bd2 Bf5 7. Bc4 e6 8. 0-0 Bb4 9. a3 Bxc3 10. Bxc3 Qb6 11. Re1 0-0 12. b3 Nbd7 13. Bd3 Bxd3 14. Qxd3 Qb5 15. Qd2 Qf5 16. Bb2 Rfd8 17. Rad1 h6 18. Qd3 Qxd3 19. Rxd3 Rac8 20. Red1 Rc7 21. g3 Rb8 22. Ne5 Rd8 23. Nf3 Ne4 24. Nd2 Ndf6 25. Nxe4 Nxe4 26. f3 Nf6 27. Kf2 b5 28. Bc3 Rb7 29. Ba5 Rd5 30. Rc3 e5 31. Rxc6 exd4 32. Rd2 Rbd7 33. Rc8+ Kh7 34. Rc7 Kg6 35. Rxd7 Rxd7 36. Bb4 Rd5 37. Be7 Nd7 38. Bb4 Nb6 39. Ba5 Nd7 40. Bb4 Nf6 41. Ba5 Nd7 42. Bc3 Rh5 43. Bxd4 Rxh2+ 44. Ke3 Rh3 45. Bxa7 Nf6 46. Bb8 Rh5 47. c4 bxc4 48. bxc4 Ra5 49. Bd6 Kf5 50. Bb4 Ra8 51. c5 h5 52. c6 g5 53. c7 Ne8 54. Ba5 Nxc7 55. Bxc7 Rxa3+ 56. Kf2 f6 57. Bd8 Ra6 58. Rb2 Rd6 59. Be7 Re6 60. Re2 Rc6 61. Kg2 Ra6 62. Kh3 Rb6 63. Kg2 Ra6 64. Bc5 Rc6 65. Bd4 Rd6 66. Bb2 Rb6 67. Rf2 Rb3 68. f4 Kg4 69. Bxf6 Rxg3+ 70. Kh2 Rh3+ 71. Kg2 Rg3+ 1/2-1/2

[Event "Avoine op 30th"]
[Site "Avoine"]
[Date "2015.07.20"]
[Round "3"]
[White "Estadieu, Romeo"]
[Black "Malassagne, Raphael"]
[Result "0-1"]
[WhiteElo "1940"]
[BlackElo "2185"]
[PlyCount "148"]
[EventDate "2015.07.18"]
[EventType "swiss"]
[EventRounds "9"]
[EventCountry "FRA"]
[SourceTitle "EXT 2016"]
[Source "ChessBase"]
[SourceDate "2015.10.08"]
[SourceVersion "1"]
[SourceVersionDate "2015.10.08"]
[SourceQuality "1"]

1. d4 Nf6 2. c4 c5 3. d5 b5 4. cxb5 a6 5. bxa6 g6 6. Nc3 Bxa6 7. Nf3 Bg7 8. g3 d6 9. Bg2 0-0 10. 0-0 Nbd7 11. Qc2 Qb6 12. Rd1 Rfb8 13. Rb1 Ng4 14. h3 Nge5 15. Nxe5 Nxe5 16. b3 Ra7 17. Kh1 Rab7 18. a3 c4 19. bxc4 Qxf2 20. Rxb7 Bxb7 21. Ne4 Qa7 22. c5 dxc5 23. Qxc5 Qa4 24. Nc3 Qb3 25. Qb4 Ba6 26. Qxb3 Rxb3 27. Bd2 Nc4 28. Ne4 Nxd2 29. Rxd2 Rxa3 30. Bf3 Be5 31. Kg2 Kg7 32. Nc5 Bb5 33. Nd3 Bc3 34. Rd1 Ra2 35. Kf1 Ra3 36. Kg2 Bd4 37. Nb4 Bc5 38. Nd3 Bd6 39. Nf2 Bxg3 40. Rb1 Bxf2 41. Rxb5 Bd4 42. Rb4 Be5 43. Re4 Kf6 44. Kf2 h5 45. Kg2 Bd6 46. Rc4 Kg5 47. Kf2 Ra8 48. Kg2 Kh6 49. Kf2 g5 50. Be4 Ra3 51. Bd3 Kg7 52. Kg2 Kf6 53. Re4 Ra5 54. Bc4 Ra1 55. Bd3 Rd1 56. Bc4 Bc5 57. Bd3 Rg1+ 58. Kh2 h4 59. Rc4 Bf2 60. Be4 Rg3 61. Bg2 Be3 62. Rg4 Rxg4 63. hxg4 Ke5 64. Bf3 Kf4 65. Kh3 Bd2 66. Kg2 Bb4 67. Kh3 Ke3 68. Kg2 Bd6 69. Kf1 h3 70. Kg1 f5 71. gxf5 Kf4 72. Bh1 g4 73. Kh2 Kxf5+ 74. Kg1 Kf4 0-1